| 000 | 00610nmc a2200253 a 4500 | ||
|---|---|---|---|
| 003 | AR-BaBNM | ||
| 005 | 20251128211542.0 | ||
| 008 | 194120s1997 ||||||||||||||000 | spa|| | ||
| 020 | _a0-435-27339-6 | ||
| 040 | _cAR-BaBNM | ||
| 100 | 1 | _aAusten, Jane | |
| 245 | 1 | 0 | _aNorthanger Abbey |
| 260 |
_aOxford _bHeinemann _c1997 |
||
| 300 |
_a63 p. _bil. |
||
| 490 | 0 | _aHeinemann Guided readers | |
| 500 | _aNivel inicial | ||
| 650 | 4 | _aENSENANZA DE IDIOMAS | |
| 650 | 4 | _aINGLES | |
| 650 | 4 | _aCUENTOS | |
| 700 | 1 |
_aBell, Florence _eadaptador |
|
| 800 | 1 | _aMilne, John | |
| 942 | _cBK | ||
| 998 | _cEugenia | ||
| 999 |
_c20152 _d20152 |
||